Mehnersmoos - "Ich bin cool" Lyrics erraten - Statistiken

Allgemein
  • Dieses Quiz wurde 9 mal gespielt
  • Das Durchschnittsergebnis liegt bei 258 aus 279
Antwortstatistiken
Antwort % Korrekt
ab
100%
acht
100%
als
100%
alt
100%
Arsch
100%
auf
100%
Bier
100%
bin
100%
cool
100%
das
100%
den
100%
denkt
100%
denn
100%
die
100%
E
100%
ein
100%
eine
100%
einen
100%
es
100%
ficken
100%
Geld
100%
gib
100%
Haus
100%
ich
100%
ihr
100%
in
100%
ist
100%
jeden
100%
Kinder
100%
Kindern
100%
Leben
100%
mach
100%
macht
100%
mehr
100%
mein
100%
meinen
100%
mich
100%
mir
100%
mit
100%
nehmt
100%
ohne
100%
Pimmel
100%
sagen
100%
scheiße
100%
sie
100%
steh
100%
über
100%
um
100%
und
100%
Väter
100%
von
100%
was
100%
wenn
100%
werde
100%
werden
100%
wir
100%
wisch
100%
zehn
100%
Zigarette
100%
zu
100%
Beruf
83%
besauf
83%
Bürozeug
83%
daraus
83%
davon
83%
dem
83%
Deutschland
83%
euch
83%
gestern
83%
Getränk
83%
habn
83%
Häuser
83%
heute
83%
ja
83%
jedem
83%
jemand
83%
jetzt
83%
kauft
83%
kommn
83%
kühles
83%
Lied
83%
Säufer
83%
scheißegal
83%
schmeckt
83%
Scooter
83%
seid
83%
Tag
83%
teuer
83%
unsre
83%
warn
83%
wo
83%
an
67%
Biern
67%
billig
67%
Birnbaum
67%
deim
67%
einmal
67%
euern
67%
Fans
67%
fertig
67%
Hohlkreuz
67%
Jacken
67%
Joint
67%
Kaffee
67%
rauchen
67%
Rolls
67%
süß
67%
Texte
67%
überlegen
67%
darum
50%
gesungn
50%
Royce
50%
supercool
50%
hör
33%
Keine übereinstimmenden Quizze gefunden
Verteilung der Resultate
Anzahl Personen mit jedem Resultat
Perzentil nach korrekt beantworteten Fragen
Ihre Resultats-Entwicklung
Sie haben dieses Quiz noch nicht gespielt